Ultimate Geography Challenge 'K' Quiz Stats

Quiz Updated Feb 18, 2015

Challenge
Share
Tweet
Embed
Score 0/20 Timer 04:00
0 Plays Today
% Correct
None
100%
Kansas
94.6%
Kentucky
93.2%
Kazakhstan
84.5%
Kenya
83.5%
Kyrgyzstan
78.2%
Kiribati
72.6%
Kosovo
71%
Kuwait
70.4%
Kuwait City
51.9%
% Correct
Kyiv
50.9%
Kingston
47.5%
Kabul
44.6%
Kuala Lumpur
44.5%
Kinshasa
44%
Kathmandu
42.7%
Kigali
41.2%
Kingstown
40.7%
Kampala
40.5%
Khartoum
37.5%

You're not logged in!

Compare scores with friends on all Sporcle quizzes.
Sign Up with Email
OR
Log In

You Might Also Like...

Show Comments

Extras

Top Quizzes Today


Score Distribution

Your Account Isn't Verified!

In order to create a playlist on Sporcle, you need to verify the email address you used during registration. Go to your Sporcle Settings to finish the process.